Trump vs. Obama... ¿Quién gana? / (Registro nro. 14029)

Detalles MARC
000 -LEADER
fixed length control field 00922nam a2200277 a 4500
003 - CONTROL NUMBER IDENTIFIER
control field OSt
005 - DATE AND TIME OF LATEST TRANSACTION
control field 20220210083149.0
008 - FIXED-LENGTH DATA ELEMENTS--GENERAL INFORMATION
fixed length control field 100811s2019 dr 000 0 spa d
020 ## - INTERNATIONAL STANDARD BOOK NUMBER
International Standard Book Number 9789945169522
040 ## - CATALOGING SOURCE
Original cataloging agency DO-SdBNP
Language of cataloging spa
Transcribing agency BPMSU
082 #4 - DEWEY DECIMAL CLASSIFICATION NUMBER
Classification number 320.973
Item number N714t 2019
Edition number 22
100 1# - MAIN ENTRY--PERSONAL NAME
Personal name Nina Gómez, Carlos
100 z# - MAIN ENTRY--PERSONAL NAME
Personal name Gómez, Carlos Nina
245 10 - TITLE STATEMENT
Title Trump vs. Obama... ¿Quién gana? /
Statement of responsibility, etc. Carlos Nina Gómez ; prólogo Tony Raful.
260 ## - PUBLICATION, DISTRIBUTION, ETC. (IMPRINT)
Place of publication, distribution, etc. Santo Domingo :
Name of publisher, distributor, etc. Búho,
Date of publication, distribution, etc. 2019.
300 ## - PHYSICAL DESCRIPTION
Extent 404 p. :
Other physical details il., fots. ;
Dimensions 23 cm.
500 ## - GENERAL NOTE
General note Incluye datos biográficos del autor en las solapas.
590 ## - LOCAL NOTE (RLIN)
Local note Inventariado, 2022/VM
600 14 - SUBJECT ADDED ENTRY--PERSONAL NAME
Personal name Obama, Barack,
Dates associated with a name 1961-
600 14 - SUBJECT ADDED ENTRY--PERSONAL NAME
Personal name Trump, Donald,
Dates associated with a name 1946-
650 #4 - SUBJECT ADDED ENTRY--TOPICAL TERM
Topical term or geographic name as entry element Presidentes
Geographic subdivision Estados Unidos
Chronological subdivision Siglo XXI
651 #4 - SUBJECT ADDED ENTRY--GEOGRAPHIC NAME
Geographic name Estados Unidos
General subdivision Política y gobierno
Chronological subdivision Siglo XXI
700 1# - ADDED ENTRY--PERSONAL NAME
Personal name Raful, Tony,
Relator term prólogo
Dates associated with a name
910 ## - USER-OPTION DATA (OCLC)
User-option data VMateo V.
942 ## - ADDED ENTRY ELEMENTS (KOHA)
Source of classification or shelving scheme Dewey Decimal Classification
Koha item type Libros
Existencias
Withdrawn status Lost status Source of classification or shelving scheme Damaged status Not for loan Collection code Home library Current library Date acquired Source of acquisition Full call number Barcode Date last seen Price effective from Koha item type
    Dewey Decimal Classification     Colección Dominicana Biblioteca Pública Metropolitana Salomé Ureña Biblioteca Pública Metropolitana Salomé Ureña 02/10/2022 Fundacón Juan Bosch BPMSU CD 320.973 N714t 2019 BPMSU22020043 02/10/2022 02/10/2022 Libros